000
00253nam a2200097Ia 4500
001
921806
005
20250826191432.0
008
250824s9999 xx 000 0 und d
245
0
_a
CUMHURİYETİN İLK YÜZYILI
_c
İLBER ORTAYLI
260
_b
KRONİK YAYINLARI
999
_c
921806
_d
921806